00672nam a2200217Ia 4500008004100000020001800041050001800059050001700077100001800094245005000112245001700162260001600179260002500195260001200220300001600232300001100248650002800259650002200287999001900309952012600328180523s9999 xx 000 0 und d a81-7245-106-7 aMAIN HF 5721  b.P45 [200-?] aPhilips, Sam. 0aBusiness letters for powerful communication / 0cSam Philips. aNew Delhi : bGoodwill Publishing, c[200-?] a258 pages : c22 cm. aBusiness Communication. xBusiness writing. c357236d357236 001040aSMCbSMCcMAINd2005-03-07g297.00l0oMAIN HF 5721 .P45 [200-?]pSMC01980r2018-05-23 00:00:00w2018-05-23yBK